000 00928nam a2200253Ia 4500
003 OSt
005 20220923220250.0
006 a|||||r|||| 00| 0
007 ta
008 220922b |||||||| |||| 00| 0 hin d
024 _a185,568
037 _cTextual
040 _aARTS
_cARTS
_bhin
041 _2hin
_ahin
082 _aO152,1:g(NW), L8
100 _aमाहेश्वरी, आंेकार प्रसाद
_9158744
245 0 _aहिन्दी चित्रपट का गीति साहित्य
246 _aHindī chitrapaṭ kā gīti sāhitya
260 _aआगरा
_b विनोद पुस्तक मन्दिर
_c1978
300 _a348 i``0
_ccm.
650 _aहिन्दी साहित्य
_9156264
942 _hO152,1:g(NW), L8
_cTEXL
_2CC
999 _c338814
_d338814